Visualizzazione normale
Vista MARC
- Iabichino P., Rossi Doria M., Alvaro L.M., Milano R., Pgnataro S., Solda D., Biondi G., Dotti M., Gavosto A.
di Personal Name
Records bibliografici associati: 1
001 - CONTROL NUMBER
- control field: 59103
003 - CONTROL NUMBER IDENTIFIER
- control field:
005 - DATE AND TIME OF LATEST TRANSACTION
- control field: 20220804160001.0
008 - FIXED-LENGTH DATA ELEMENTS
- fixed length control field: 220804|| aca||aabn | a|a d
040 ## - CATALOGING SOURCE
- Original cataloging agency:
- Transcribing agency:
100 ## - HEADING--PERSONAL NAME
- Personal name: Iabichino P., Rossi Doria M., Alvaro L.M., Milano R., Pgnataro S., Solda D., Biondi G., Dotti M., Gavosto A.
- Personal name: Valente R., Nembri A., D'Alonzo L., Micelli S
670 ## - SOURCE DATA FOUND
- Source citation: Work cat.: (): De Carli Sara (et al.) 57785, Ultimo appello , 2021